000 00856nas a2200277 4500
001 BR2011000582
003 BR-BrBNA
005 20231205114414.0
007 ta
008 230509b bl.|||p| |||| 00| 00por d
040 _aBR-BrBNA
_bpor
_cBiblioteca Nacional de Agricultura
041 _a(En)
072 _aL40
100 1 _aCaldeira, B.C.
100 1 _aPaula, T.A.R. de
100 1 _aMatta, S.L.P. da
100 1 _aBalarini, M.K.
100 1 _aCampos, P.K.A.
245 1 _aMorphometry of testis and seminiferous tubules of the adult crab-eating fox (Cerdocyon thous, Linnaeus, 1766)
650 _aCÃO
650 _aANIMAL SELVAGEM
650 _aANATOMIA ANIMAL
773 0 _tRevista Ceres (Brazil)
_xISSN 0034-737X
_g(Sep-Oct 2010), v. 57(5) p. 569-575
_wBR2011000582
909 _a202311
_bLúcia
_c55
_dLúcia Elande
942 _2AGRIS
_n0
_cANA
999 _c208617
_d208617